| 000 | 00558nam a2200217 a 4500 | ||
|---|---|---|---|
| 999 |
_c4540 _d4540 |
||
| 001 | 4540 | ||
| 003 | BD-JhCC | ||
| 005 | 20171128182435.0 | ||
| 008 | 171128s1966 b|||| |||| 001 0 eng d | ||
| 035 | _a(BD-JhCC) | ||
| 040 |
_aBD-JhCC _dBD-JhCC |
||
| 041 | _aeng | ||
| 082 |
_a914.2 _bREE 1966 |
||
| 100 | _aRees, Henry | ||
| 245 |
_aThe British Isles : _bA Regional geography / _cHenry Rees |
||
| 260 |
_aLondon : _bGeorge G. Harrap & co.Ltd, _c1966 |
||
| 300 |
_a404 p. : _c22cm. |
||
| 650 |
_aGeography _xIreland |
||
| 942 |
_2ddc _cBK |
||